000 00465nam a2200181Ia 4500
005 20240913125801.0
008 240913s9999||||xx |||||||||||||| ||und||
020 _a81-86514-15-5
041 _aENGLISH
082 _A623.355P6
100 _aRamadas P Shenoy
245 0 _aDefence Research Development Organisation
260 _c2006
_bDE
_aNew Delhi
500 _aREFERENCE
650 _aOrganisations
_bAerospace Engineering
942 _cREF
999 _c246265
_d246265